00645 2200169 4500001002100000005001500021035002000036007000300056008003900059082000700098084001300105100002400118245024300142260004600385650003000431990001400461INLIS00000000000988820260415091152 a0010-0426000235ta260415 | | |  a81 a81 EPI e0 aEPI FANIASI MARGRET1 aEFEKTIVITAS PEMANFAATAN APLIKASI SISTEM PENGADAAN SECARA ELEKTRONIK (SPSE), TOKO DARING DAN KATALOG ELEKTRONIK LOKAL DALAM PROSES PENGADAAN BARANG DAN JASA PEMERINTAH DI KABUPATEN KATINGAN PROVINSI KALIMANTAN TENGAH /cEPI FANIASI MARGRET aPALANGKA RAYA :bPERPUSTAKAAN UMPR,c2026 4aPENGADAAN BARANG DAN JASA a238122031